Central Library OPAC University of Rajshahi

Declaration of freedom / (Record no. 30763)

MARC details
000 -LEADER
fixed length control field 00768cam a22002651 4500
001 - CONTROL NUMBER
control field 30763
003 - CONTROL NUMBER IDENTIFIER
rucl marc code BD-RjUL
005 - DATE AND TIME OF LATEST TRANSACTION
control field 20211209051619.0
008 - FIXED-LENGTH DATA ELEMENTS--GENERAL INFORMATION
fixed length control field 140412s1955 nyu 000 0 eng d
035 ## - SYSTEM CONTROL NUMBER
System control number (BD-RjUL)30850
040 ## - CATALOGING SOURCE
Original cataloging agency DLC
Transcribing agency OClU
Modifying agency OCoLC
-- DLC
-- BD-RjUL
Language of cataloging eng
041 ## - LANGUAGE CODE
Language code of text/sound track or separate title eng
082 00 - DEWEY DECIMAL CLASSIFICATION NUMBER
Classification number 323.44
Author mark and year TRD 1955.
100 1# - MAIN ENTRY--PERSONAL NAME
Personal name Trueblood, Elton,
Dates associated with a name 1900-1994.
9 (RLIN) 93492
245 10 - TITLE STATEMENT
Title Declaration of freedom /
Statement of responsibility, etc. by Elton Trueblood
250 ## - EDITION STATEMENT
Edition statement [1st ed.]
260 ## - PUBLICATION, DISTRIBUTION, ETC. (IMPRINT)
Place of publication, distribution, etc. New York :
Name of publisher, distributor, etc. Harper,
Date of publication, distribution, etc. 1955.
300 ## - PHYSICAL DESCRIPTION
Pagination 124 p. ;
Size 20 cm.
500 ## - GENERAL NOTE
General note "Originally delivered as the Colver lectures at Brown Univesity in 1954."
650 #0 - SUBJECT ADDED ENTRY--TOPICAL TERM
Topical term or geographic name as entry element Liberty.
9 (RLIN) 93493
Topical term or geographic name as entry element Civil rights.
9 (RLIN) 93494
942 ## - ADDED ENTRY ELEMENTS (KOHA)
Source of classification or shelving scheme Dewey Decimal Classification
Koha item type Books
Holdings
Lost status Source of classification or shelving scheme Damaged status Not for loan Collection code Permanent Location Current Location Shelving location Date acquired Total Checkouts Full call number Date last seen Copy number Koha item type
  Dewey Decimal Classification   Not For Loan Non-fiction Central Library, University of Rajshahi Central Library, University of Rajshahi Reading Room 12/04/2014   323.44 TRD 1955. 12/04/2014 C-1 Books